000
00307nam a2200109 4500
999
_c
10496
_d
10496
008
180903b ||||| |||| 00| 0 eng d
245
_a
Marawi evacuess to get complete hygiene kits.
260
_a
Philippines
_b
The Philippine Star
_c
c2017
300
_a
page 6.
650
0
_9
30813
_a
Hygiene.
942
_2
ddc
_c
PER